[Event "Perth AUS Open"]
[Site "?"]
[Date "2023.01.05"]
[Round "6.15"]
[White "Gong, Patrick"]
[Black "Baneshi, Kiamehr"]
[Result "1/2-1/2"]
[WhiteElo "2292"]
[BlackElo "1671"]
[PlyCount "110"]
[EventDate "2023.01.??"]
[EventRounds "11"]
[EventCountry "AUS"]
[SourceVersionDate "2023.01.02"]

1. e4 c5 2. Nf3 d6 3. d4 cxd4 4. Nxd4 Nf6 5. Nc3 a6 6. Bd3 e5 7. Nde2 Be7 8. O-O O-O 9. Kh1 Nbd7 10. a4 Nc5 11. f4 Qc7 12. Qe1 Rd8 13. Qg3 Bd7 14. fxe5 dxe5 15. Bg5 Qd6 16. Rad1 Bc6 17. Bxf6 Bxf6 18. b4 Nxa4 19. Nd5 Bxd5 20. exd5 e4 21. Bxe4 Qxg3 22. Nxg3 Be5 23. c4 Bxg3 24. hxg3 Nc3 25. Rd4 Nxe4 26. Rxe4 b5 27. Re7 f6 28. cxb5 axb5 29. Rd1 Kf8 30. Re4 Rd6 31. Kg1 Re8 32. Rxe8+ Kxe8 33. Kf2 Kd7 34. Ke3 Ra6 35. Kd4 Kd6 36. Re1 Ra3 37. Re6+ Kd7 38. Kc5 Rxg3 39. Ra6 Rxg2 40. Ra7+ Kc8 41. Kxb5 h5 42. Kc6 Rc2+ 43. Kd6 Rb2 44. Rxg7 Rxb4 45. Rg8+ Kb7 46. Ke7 Re4+ 47. Kd7 h4 48. Rh8 f5 49. Rh5 Rg4 50. Ke6 Kb6 51. Rh8 Re4+ 52. Kxf5 Re1 53. Rc8 h3 54. Rc2 h2 55. Rxh2 Kc5 1/2-1/2

[Event "Perth AUS Open"]
[Site "?"]
[Date "2023.01.05"]
[Round "6.16"]
[White "Kinsman, Craig C"]
[Black "Hernandez Mendez, Iker"]
[Result "0-1"]
[WhiteElo "1986"]
[BlackElo "1611"]
[PlyCount "98"]
[EventDate "2023.01.??"]
[EventRounds "11"]
[EventCountry "AUS"]
[SourceVersionDate "2023.01.02"]

1. e4 c5 2. Nf3 d6 3. d4 cxd4 4. Nxd4 Nf6 5. Nc3 g6 6. Be3 Bg7 7. f3 O-O 8. Bc4 Nc6 9. Qd2 Bd7 10. O-O-O Ne5 11. Bb3 Qa5 12. Kb1 Rfc8 13. h4 Nc4 14. Bxc4 Rxc4 15. g4 Rac8 16. h5 Bxg4 17. Nb3 Qa6 18. fxg4 Rxc3 19. bxc3 Nxe4 20. Qd3 Nxc3+ 21. Kc1 Qa3+ 22. Kd2 Nxd1 23. Rxd1 Qb4+ 24. Kc1 Bc3 25. Kb1 a5 26. Bd2 a4 27. a3 Qxg4 28. Bxc3 axb3 29. Rc1 bxc2+ 30. Rxc2 Qxh5 31. Qd4 Qe5 32. Qb4 Qd5 33. Rd2 Qc4 34. Qxc4 Rxc4 35. Kc2 h5 36. Kd3 Ra4 37. Rb2 Rxa3 38. Rxb7 e5 39. Rd7 Kg7 40. Rxd6 g5 41. Kc2 f6 42. Bb4 Ra7 43. Kd3 Kg6 44. Ke4 Ra4 45. Rb6 g4 46. Ke3 Kg5 47. Rb8 h4 48. Rg8+ Kf5 49. Be1 Ra3+ 0-1

[Event "Perth AUS Open"]
[Site "?"]
[Date "2023.01.05"]
[Round "6.17"]
[White "Maris, Rob"]
[Black "Hurst, Benjamin"]
[Result "1-0"]
[WhiteElo "1925"]
[BlackElo "1628"]
[PlyCount "39"]
[EventDate "2023.01.??"]
[EventRounds "11"]
[EventCountry "AUS"]
[SourceVersionDate "2023.01.02"]

1. c4 e5 2. Nc3 Nf6 3. Nf3 Nc6 4. e3 d5 5. cxd5 Nxd5 6. Bb5 f6 7. O-O Qd6 8. d4 Nxc3 9. bxc3 exd4 10. exd4 Bd7 11. Re1+ Ne7 12. Qa4 a6 13. Bxd7+ Qxd7 14. Qb3 O-O-O 15. Rb1 c6 16. Nd2 Ng6 17. Nc4 Qc7 18. Na5 Bd6 19. Qxb7+ Qxb7 20. Nxb7 1-0

[Event "Perth AUS Open"]
[Site "?"]
[Date "2023.01.05"]
[Round "6.18"]
[White "Can, Ryan"]
[Black "Holland, Dennis"]
[Result "1/2-1/2"]
[WhiteElo "1658"]
[BlackElo "1899"]
[PlyCount "48"]
[EventDate "2023.01.??"]
[EventRounds "11"]
[EventCountry "AUS"]
[SourceVersionDate "2023.01.02"]

1. d4 d5 2. c4 c6 3. Nf3 Nf6 4. Qc2 e6 5. Bg5 Be7 6. e3 Nbd7 7. Bd3 h6 8. Bh4 dxc4 9. Qxc4 Nd5 10. Bxe7 Qxe7 11. O-O e5 12. e4 Nf4 13. Nbd2 O-O 14. Qc3 exd4 15. Qxd4 Nc5 16. Bc4 b5 17. Qe3 Ng6 18. Be2 Ne6 19. a3 a6 20. Rac1 c5 21. Nb3 c4 22. Nbd4 Nc5 23. e5 Na4 24. b3 cxb3 1/2-1/2

[Event "Perth AUS Open"]
[Site "?"]
[Date "2023.01.05"]
[Round "6.19"]
[White "Norris, Damian"]
[Black "Phillips, Max"]
[Result "1-0"]
[WhiteElo "1890"]
[BlackElo "1506"]
[PlyCount "53"]
[EventDate "2023.01.??"]
[EventRounds "11"]
[EventCountry "AUS"]
[SourceVersionDate "2023.01.02"]

1. e4 c6 2. d4 d5 3. Nc3 dxe4 4. Nxe4 Nf6 5. Nxf6+ exf6 6. c3 Bd6 7. Bd3 O-O 8. Qc2 Re8+ 9. Ne2 g6 10. h4 Qe7 11. h5 f5 12. hxg6 fxg6 13. Bh6 Be6 14. O-O-O c5 15. c4 cxd4 16. Nxd4 Na6 17. Nxe6 Nb4 18. Qb3 Qxe6 19. Kb1 Bc5 20. Qc3 Qe5 21. Qxe5 Rxe5 22. a3 Nxd3 23. Rxd3 Bxf2 24. Rd7 b5 25. Rg7+ Kh8 26. Rb7 bxc4 27. Bg7+ 1-0

[Event "Perth AUS Open"]
[Site "?"]
[Date "2023.01.05"]
[Round "6.20"]
[White "Stewart, Clint"]
[Black "Arthur, James"]
[Result "0-1"]
[WhiteElo "1799"]
[BlackElo "1534"]
[PlyCount "66"]
[EventDate "2023.01.??"]
[EventRounds "11"]
[EventCountry "AUS"]
[SourceVersionDate "2023.01.02"]

1. e4 e6 2. d4 d5 3. Nc3 Nf6 4. e5 Nfd7 5. f4 c5 6. Nf3 Nc6 7. Be3 Be7 8. Be2 O-O 9. O-O cxd4 10. Nxd4 Nxd4 11. Bxd4 f6 12. Bg4 Nb6 13. Qe2 f5 14. Bh3 Bd7 15. g4 Be8 16. gxf5 exf5 17. Kh1 Bg6 18. Bg2 Kh8 19. Rae1 Bh4 20. Rd1 Qe8 21. Bxb6 axb6 22. Rxd5 Bf7 23. e6 Qxe6 24. Re5 Qc4 25. Rxf5 Qxe2 26. Nxe2 Bc4 27. Rxf8+ Rxf8 28. Bf3 Re8 29. Rd1 Bxe2 30. Bxe2 Rxe2 31. Rd7 Rxc2 32. Rxb7 h6 33. Rxb6 Bf6 0-1

[Event "Perth AUS Open"]
[Site "?"]
[Date "2023.01.05"]
[Round "6.21"]
[White "Barry, David"]
[Black "Rozuwiecka, Anna"]
[Result "1-0"]
[WhiteElo "1647"]
[BlackElo "1798"]
[PlyCount "69"]
[EventDate "2023.01.??"]
[EventRounds "11"]
[EventCountry "AUS"]
[SourceVersionDate "2023.01.02"]

1. e4 Nc6 2. Nf3 e5 3. Bb5 Nge7 4. d4 Nxd4 5. Nxd4 exd4 6. Qxd4 c6 7. Bd3 Ng6 8. O-O Qb6 9. Be3 Qxd4 10. Bxd4 Nf4 11. Re1 Nxd3 12. cxd3 d6 13. Nd2 Be6 14. f4 f6 15. Bf2 a5 16. a4 Be7 17. d4 d5 18. e5 Kf7 19. Nf3 Bb4 20. Re3 Bf5 21. Be1 Bc2 22. Bxb4 axb4 23. b3 h5 24. Ra2 Be4 25. h4 Ke6 26. Ne1 Kf5 27. g3 b5 28. Nc2 bxa4 29. Nxb4 c5 30. dxc5 d4 31. Re1 axb3 32. Rb2 Rhb8 33. Rxb3 fxe5 34. fxe5 Kxe5 35. Nc6+ 1-0

[Event "Perth AUS Open"]
[Site "?"]
[Date "2023.01.05"]
[Round "6.22"]
[White "Shen, Fiona"]
[Black "Holliday, Bruce M"]
[Result "0-1"]
[WhiteElo "1625"]
[BlackElo "1760"]
[PlyCount "88"]
[EventDate "2023.01.??"]
[EventRounds "11"]
[EventCountry "AUS"]
[SourceVersionDate "2023.01.02"]

1. d4 Nf6 2. c4 e6 3. Nf3 b6 4. Nc3 Bb7 5. Bg5 Bb4 6. e3 h6 7. Bh4 g5 8. Bg3 Ne4 9. Qc2 d6 10. Bd3 Bxc3+ 11. bxc3 f5 12. O-O Nd7 13. Nd2 Ndf6 14. Nxe4 Bxe4 15. f3 Bxd3 16. Qxd3 Qd7 17. e4 O-O 18. Rfe1 Rae8 19. Rad1 Nh5 20. e5 Ng7 21. c5 d5 22. cxb6 axb6 23. c4 Ra8 24. Re2 dxc4 25. Qxc4 Ra4 26. Qc3 Rfa8 27. Rdd2 R8a7 28. Bf2 Qd5 29. h3 Nh5 30. g3 Ra3 31. Qb4 Kf7 32. Rc2 Rxf3 33. Kh2 f4 34. Qb2 fxg3+ 35. Bxg3 Nxg3 36. Rf2 Rxf2+ 37. Rxf2+ Nf5 38. h4 g4 39. Qc3 Kg6 40. h5+ Kxh5 41. Rg2 Rxa2 42. Rxa2 Qxa2+ 43. Kg1 Qb1+ 44. Kg2 Qe4+ 0-1

[Event "Perth AUS Open"]
[Site "?"]
[Date "2023.01.05"]
[Round "6.23"]
[White "Lee, Alexandre KM"]
[Black "Gao, Oscar"]
[Result "1-0"]
[WhiteElo "1558"]
[BlackElo "1727"]
[PlyCount "105"]
[EventDate "2023.01.??"]
[EventRounds "11"]
[EventCountry "AUS"]
[SourceVersionDate "2023.01.02"]

1. e4 e5 2. Nf3 Nc6 3. Bc4 Bc5 4. c3 Nf6 5. d3 d5 6. exd5 Nxd5 7. Qb3 Be6 8. Qxb7 Nde7 9. Bxe6 fxe6 10. Qa6 O-O 11. O-O Qd5 12. Nbd2 Rad8 13. b4 Bb6 14. a4 Nb8 15. Qc4 a6 16. a5 Ba7 17. Ba3 Nec6 18. b5 axb5 19. Qxd5 Rxd5 20. Bxf8 Kxf8 21. Ne4 Rxd3 22. Rfb1 Rd5 23. g3 h6 24. Rb3 Nd7 25. Rab1 Nxa5 26. Rxb5 Nc4 27. R5b4 Ndb6 28. Ra1 Bb8 29. Kg2 Ke7 30. Ra2 Kd7 31. Nfd2 Nxd2 32. Nxd2 Kc8 33. Nc4 Kb7 34. Nxb6 cxb6 35. Rg4 Rd7 36. Rg6 Re7 37. Ra4 h5 38. Rh4 Rc7 39. c4 Re7 40. Rxh5 Kc6 41. Rhg5 Kc5 42. Rxg7 Re8 43. Rg8 Rxg8 44. Rxg8 Bd6 45. Rg4 Kb4 46. Re4 Bc5 47. h4 Bd4 48. h5 Kxc4 49. h6 b5 50. h7 Kd3 51. f3 b4 52. h8=Q b3 53. Qh1 1-0

[Event "Perth AUS Open"]
[Site "?"]
[Date "2023.01.05"]
[Round "6.24"]
[White "Solomontchik, Daniel"]
[Black "Teh Hui Lam"]
[Result "0-1"]
[WhiteElo "1452"]
[BlackElo "1706"]
[PlyCount "83"]
[EventDate "2023.01.??"]
[EventRounds "11"]
[EventCountry "AUS"]
[SourceVersionDate "2023.01.02"]

1. e4 c5 2. Nf3 g6 3. d4 cxd4 4. Nxd4 Nc6 5. Nc3 Bg7 6. Be3 Nf6 7. Nxc6 bxc6 8. e5 Ng8 9. Bd4 f6 10. f4 Nh6 11. Bc4 fxe5 12. fxe5 Rf8 13. Qd2 Qa5 14. O-O-O Nf5 15. g4 Nxd4 16. Qxd4 Bxe5 17. Qd3 Bxc3 18. bxc3 d5 19. Bb3 Bxg4 20. Rde1 Bf5 21. Qe3 Qa3+ 22. Kd2 a5 23. Qb6 Qd6 24. Qd4 Be4 25. Rhf1 Kd7 26. Ba4 Qxh2+ 27. Kc1 Rxf1 28. Rxf1 Qe2 29. Rd1 Bf3 30. Rd3 Qe1+ 31. Kb2 Qe4 32. Qb6 Rc8 33. Rd4 Qe5 34. Qxa5 g5 35. Rb4 Qd6 36. Rd4 g4 37. c4 e6 38. cxd5 exd5 39. c4 Rb8+ 40. Bb3 c5 41. cxd5 cxd4 42. Qa7+ 0-1

[Event "Perth AUS Open"]
[Site "?"]
[Date "2023.01.05"]
[Round "6.26"]
[White "Ho, Lachlan"]
[Black "Hardegen, Kathryn"]
[Result "1-0"]
[WhiteElo "1703"]
[BlackElo "1887"]
[PlyCount "81"]
[EventDate "2023.01.??"]
[EventRounds "11"]
[EventCountry "AUS"]
[SourceVersionDate "2023.01.02"]

1. e4 e5 2. Nf3 Nf6 3. Nc3 d6 4. Bc4 Bg4 5. d3 Be7 6. Be3 c6 7. h3 Bh5 8. g4 Bg6 9. Qd2 O-O 10. g5 Nh5 11. Nh4 b5 12. Bb3 a5 13. a4 b4 14. Ne2 d5 15. Nxg6 hxg6 16. d4 exd4 17. Qxd4 Nd7 18. exd5 c5 19. Qd2 Ne5 20. O-O-O Nf3 21. Qd3 Bxg5 22. Kb1 Ne5 23. Qb5 Bxe3 24. fxe3 c4 25. d6 cxb3 26. Qxe5 bxc2+ 27. Kxc2 Re8 28. Qd4 Qd7 29. b3 Rad8 30. e4 Qc6+ 31. Qc4 Rxd6 32. Rxd6 Qxd6 33. Rd1 Qe5 34. Rd5 Qxe4+ 35. Qxe4 Rxe4 36. Kd3 Rxe2 37. Rd8+ Kh7 38. Kxe2 Nf4+ 39. Kf3 Nxh3 40. Rd5 f5 41. Rxa5 1-0

[Event "Perth AUS Open"]
[Site "?"]
[Date "2023.01.05"]
[Round "6.27"]
[White "Koh, Shannon"]
[Black "Janceski, Alex"]
[Result "1-0"]
[WhiteElo "1541"]
[BlackElo "1821"]
[PlyCount "39"]
[EventDate "2023.01.??"]
[EventRounds "11"]
[EventCountry "AUS"]
[SourceVersionDate "2023.01.02"]

1. e4 c5 2. c3 Nf6 3. e5 Ng8 4. Nf3 e6 5. d4 cxd4 6. cxd4 d6 7. Bd3 a6 8. O-O b5 9. Nc3 Bb7 10. Bf4 Qb6 11. Ng5 g6 12. d5 dxe5 13. dxe6 exf4 14. exf7+ Kd8 15. fxg8=Q Rxg8 16. Bc4+ Nd7 17. Bxg8 Qf6 18. Nxh7 Qg7 19. Nxf8 Qxg8 20. Qxd7# 1-0

[Event "Perth AUS Open"]
[Site "?"]
[Date "2023.01.05"]
[Round "6.30"]
[White "Ellis, David"]
[Black "De Vas, Yonal"]
[Result "1-0"]
[WhiteElo "1770"]
[BlackElo "1558"]
[PlyCount "53"]
[EventDate "2023.01.??"]
[EventRounds "11"]
[EventCountry "AUS"]
[SourceVersionDate "2023.01.02"]

1. Nf3 d5 2. b3 c6 3. Bb2 Nf6 4. g3 g6 5. Bg2 Bg7 6. O-O O-O 7. d3 Re8 8. Nbd2 Nbd7 9. c4 e5 10. cxd5 cxd5 11. Qc2 e4 12. dxe4 dxe4 13. Ng5 e3 14. fxe3 Rxe3 15. Nc4 Qe7 16. Ba3 Rxe2 17. Bxe7 Rxc2 18. Rad1 Rxa2 19. Nd6 Ng4 20. Bd5 Ne3 21. Bxf7+ Kh8 22. Be6 Ne5 23. Ngf7+ Nxf7 24. Nxf7+ Kg8 25. Nh6+ Kh8 26. Rd8+ Bf8 27. Bf6# 1-0

[Event "Perth AUS Open"]
[Site "?"]
[Date "2023.01.05"]
[Round "6.31"]
[White "Dagza, Ben"]
[Black "Wolffs, Walter"]
[Result "1-0"]
[WhiteElo "1726"]
[BlackElo "1383"]
[PlyCount "115"]
[EventDate "2023.01.??"]
[EventRounds "11"]
[EventCountry "AUS"]
[SourceVersionDate "2023.01.02"]

1. d4 Nf6 2. Nf3 e6 3. e3 b6 4. Bd3 Bb7 5. Nbd2 c5 6. b3 cxd4 7. exd4 g6 8. Bb2 Bg7 9. c4 d5 10. O-O O-O 11. Ne5 Nc6 12. Rc1 Nd7 13. Nef3 Nb4 14. Bb1 Nc5 15. Ba3 Nca6 16. Ne5 Re8 17. Qf3 Qf6 18. Qh3 Nc6 19. Ng4 Qg5 20. Nf3 Qh5 21. Qxh5 gxh5 22. Ne3 dxc4 23. Rxc4 Nc7 24. d5 Nxd5 25. Nxd5 exd5 26. Rh4 Ne5 27. Rxh5 Nxf3+ 28. gxf3 h6 29. Kg2 Re5 30. Rh4 Rd8 31. f4 d4+ 32. Kg3 Re2 33. Rd1 Rc8 34. Bb4 a5 35. Bd2 Rce8 36. Bd3 R2e7 37. f5 Be5+ 38. f4 Bc7 39. Rg1 f6 40. Rxh6 Rg7+ 41. Rg6 Be4 42. Bxe4 Rxg6+ 43. fxg6 Rxe4 44. Kf3 f5 45. Rc1 Bd6 46. Rc6 Bc5 47. Rf6 d3 48. Rxf5 Re2 49. Bc3 Rf2+ 50. Ke4 Rg2 51. Kxd3 Rxg6 52. Rg5 Kf7 53. Rxg6 Kxg6 54. Bd4 Bd6 55. Be5 Bc5 56. Ke4 Bg1 57. h3 Bc5 58. Bd4 1-0

[Event "Perth AUS Open"]
[Site "?"]
[Date "2023.01.05"]
[Round "6.32"]
[White "Marriott, Max"]
[Black "Harris, Eamon"]
[Result "1-0"]
[WhiteElo "1533"]
[BlackElo "1884"]
[PlyCount "95"]
[EventDate "2023.01.??"]
[EventRounds "11"]
[EventCountry "AUS"]
[SourceVersionDate "2023.01.02"]

1. d4 Nf6 2. c4 e6 3. Nc3 d5 4. cxd5 exd5 5. Bg5 c6 6. Qc2 Bg4 7. e3 Bd6 8. Bd3 Nbd7 9. f3 Bh5 10. e4 h6 11. Bxf6 Qxf6 12. e5 Nxe5 13. dxe5 Bxe5 14. Nge2 Qh4+ 15. g3 Qh3 16. f4 Bf6 17. O-O-O Qd7 18. Bf5 Qd8 19. g4 Bg6 20. Bxg6 fxg6 21. Qxg6+ Kf8 22. Nd4 Qd6 23. Rhf1 Rd8 24. g5 Bxd4 25. Qxd6+ Rxd6 26. Rxd4 Kg8 27. Ne4 Re6 28. Nc5 Re7 29. g6 b6 30. Nd3 h5 31. Re1 Rxe1+ 32. Nxe1 h4 33. f5 Rh5 34. Rf4 Rg5 35. Kd2 c5 36. h3 Kf8 37. Ke3 Rg3+ 38. Rf3 Rg1 39. Nd3 d4+ 40. Ke4 Ke7 41. Kd5 Rg2 42. b4 Rxa2 43. bxc5 bxc5 44. Nxc5 a5 45. Kxd4 a4 46. Ne4 a3 47. Nc3 Ra1 48. Rf2 1-0

[Event "Perth AUS Open"]
[Site "?"]
[Date "2023.01.05"]
[Round "6.33"]
[White "Taylor, Noah"]
[Black "King, David"]
[Result "0-1"]
[WhiteElo "1525"]
[BlackElo "1740"]
[PlyCount "104"]
[EventDate "2023.01.??"]
[EventRounds "11"]
[EventCountry "AUS"]
[SourceVersionDate "2023.01.02"]

1. e4 e5 2. Nf3 Nc6 3. Bc4 Bc5 4. c3 Nf6 5. d4 exd4 6. cxd4 Bb4+ 7. Bd2 Bxd2+ 8. Nbxd2 d5 9. exd5 Nxd5 10. O-O O-O 11. h3 Nb6 12. d5 Nxd5 13. Ne4 Nce7 14. Qb3 c6 15. Rad1 Qb6 16. Qa3 h6 17. Nc3 Be6 18. Rfe1 Nxc3 19. Qxc3 Bxc4 20. Qxc4 Nd5 21. Qd4 Rfe8 22. Qxb6 Rxe1+ 23. Rxe1 axb6 24. a3 Kf8 25. Ne5 f6 26. Nc4 Re8 27. Rxe8+ Kxe8 28. Nd6+ Ke7 29. Nf5+ Kf7 30. a4 Ne7 31. Ne3 Ke6 32. Nc4 Kd5 33. Nxb6+ Kc5 34. Nd7+ Kb4 35. Kf1 Kxa4 36. Nc5+ Kb4 37. Nxb7 Kb3 38. Ke2 Kxb2 39. f4 Kc3 40. g4 Nd5 41. Kf3 Kd4 42. g5 c5 43. gxh6 gxh6 44. Kg4 c4 45. Nd6 c3 46. Nb5+ Ke4 47. Nxc3+ Nxc3 48. Kh5 Kxf4 49. Kxh6 Kg3 50. Kg6 Nd5 51. Kf5 Kxh3 52. Ke6 Kg3 0-1

[Event "Perth AUS Open"]
[Site "?"]
[Date "2023.01.05"]
[Round "6.34"]
[White "Huang Hui"]
[Black "Wolstencroft, Alan"]
[Result "1-0"]
[WhiteElo "1514"]
[BlackElo "1702"]
[PlyCount "71"]
[EventDate "2023.01.??"]
[EventRounds "11"]
[EventCountry "AUS"]
[SourceVersionDate "2023.01.02"]

{[%evp 0,3,5,63,41,27]} 1. d4 Nf6 2. Bf4 d6 3. e3 g6 4. Be2 Bg7 5. h3 O-O 6. Nf3 Nc6 7. O-O Nd7 8. c3 e5 9. Bh2 Ne7 10. Re1 Kh8 11. Bf1 e4 12. Nfd2 d5 13. c4 c6 14. Nc3 f5 15. cxd5 Nxd5 16. Nxd5 cxd5 17. Qb3 Nf6 18. Be2 Qe7 19. Rac1 Be6 20. Rc7 Nd7 21. Rec1 g5 22. Bb5 Rad8 23. Bxd7 Rxd7 24. Qxb7 h6 25. Rxd7 Bxd7 26. Rc7 Rf7 27. Nb3 f4 28. Nc5 Qd8 29. Qxa7 Bxd4 30. exd4 Qf6 31. Nxd7 Qd6 32. Rb7 Qc6 33. Nc5 Rxb7 34. Qxb7 Qd6 35. Qc8+ Kh7 36. Qd7+ 1-0

[Event "Perth AUS Open"]
[Site "?"]
[Date "2023.01.05"]
[Round "6.35"]
[White "Rice, Lauren"]
[Black "Raptis, Liam"]
[Result "1-0"]
[WhiteElo "1594"]
[BlackElo "1436"]
[PlyCount "67"]
[EventDate "2023.01.??"]
[EventRounds "11"]
[EventCountry "AUS"]
[SourceVersionDate "2023.01.02"]

1. c4 g6 2. Nc3 Bg7 3. g3 c5 4. Bg2 Nf6 5. e4 Nc6 6. Nge2 d6 7. O-O e5 8. d3 O-O 9. h3 Be6 10. f4 Qd7 11. g4 exf4 12. Nxf4 Nd4 13. Be3 Ne8 14. Qd2 Nc7 15. Rf2 f5 16. Nxe6 Ncxe6 17. exf5 gxf5 18. g5 Nc6 19. Ne2 Rae8 20. Ng3 Ned4 21. Nh5 Be5 22. g6 hxg6 23. Bd5+ Ne6 24. Bh6 Bd4 25. Bxf8 Bxf2+ 26. Qxf2 Rxf8 27. Re1 Ncd4 28. Nf4 Rf6 29. Qe3 Kf7 30. Bxe6+ Nxe6 31. Nd5 Nd4 32. Nxf6 Kxf6 33. Qe8 Qf7 34. Qd8+ 1-0

[Event "Perth AUS Open"]
[Site "?"]
[Date "2023.01.05"]
[Round "6.36"]
[White "Gunawan, Tjermin"]
[Black "Lawes, Alexander"]
[Result "1-0"]
[WhiteElo "1593"]
[BlackElo "1407"]
[PlyCount "103"]
[EventDate "2023.01.??"]
[EventRounds "11"]
[EventCountry "AUS"]
[SourceVersionDate "2023.01.02"]

1. d4 Nf6 2. Nf3 d5 3. g3 Bf5 4. Bg2 e6 5. c4 c6 6. Nc3 dxc4 7. Ne5 Bb4 8. Bg5 h6 9. Bxf6 Qxf6 10. Nxc4 O-O 11. O-O Nd7 12. e4 Bh7 13. e5 Qe7 14. Ne2 b5 15. Ne3 Rac8 16. Rc1 c5 17. a3 Ba5 18. dxc5 Nxe5 19. b4 Bc7 20. Qb3 Bd3 21. Rfe1 Bc4 22. Nxc4 bxc4 23. Rxc4 Nxc4 24. Qxc4 Be5 25. c6 Rfd8 26. f4 Bf6 27. a4 Qd6 28. Kf1 Qd3 29. Qxd3 Rxd3 30. Rb1 Ra3 31. a5 Kf8 32. Rc1 Rb3 33. Rc4 Be7 34. Nd4 Rxb4 35. Rxb4 Bxb4 36. a6 Ba5 37. Nb5 Bb6 38. Ke2 Ke7 39. h3 f6 40. h4 g6 41. Bf3 e5 42. fxe5 fxe5 43. Be4 Ke6 44. Kf3 Rf8+ 45. Ke2 Rf2+ 46. Kd3 Ra2 47. c7 Kd7 48. Bc6+ Kxc6 49. c8=Q+ Kxb5 50. Qc4+ Ka5 51. Qxa2+ Kb4 52. Qc4+ 1-0

[Event "Perth AUS Open"]
[Site "?"]
[Date "2023.01.05"]
[Round "6.37"]
[White "Xiao Zhou Ning"]
[Black "Ong, Celine"]
[Result "1/2-1/2"]
[WhiteElo "1583"]
[BlackElo "1376"]
[PlyCount "49"]
[EventDate "2023.01.??"]
[EventRounds "11"]
[EventCountry "AUS"]
[SourceVersionDate "2023.01.02"]

1. d4 d5 2. c4 e6 3. Nf3 Nf6 4. g3 Bb4+ 5. Bd2 Be7 6. Bg2 c6 7. O-O O-O 8. Qc2 Nbd7 9. Bf4 Ne4 10. Nfd2 f5 11. f3 Nxd2 12. Nxd2 c5 13. Be3 b6 14. Bf2 cxd4 15. cxd5 e5 16. e3 Ba6 17. exd4 Bxf1 18. Nxf1 exd4 19. Bxd4 f4 20. gxf4 Rxf4 21. Be3 Bc5 22. Qd2 Bxe3+ 23. Nxe3 Ne5 24. d6 Nf7 25. Nd5 1/2-1/2

[Event "Perth AUS Open"]
[Site "?"]
[Date "2023.01.05"]
[Round "6.38"]
[White "Gunawan, Marco"]
[Black "Simonds, Marcus"]
[Result "0-1"]
[WhiteElo "1507"]
[BlackElo "1581"]
[PlyCount "100"]
[EventDate "2023.01.??"]
[EventRounds "11"]
[EventCountry "AUS"]
[SourceVersionDate "2023.01.02"]

1. c4 Nf6 2. Nc3 g6 3. g3 Bg7 4. Bg2 d6 5. d4 O-O 6. Nf3 Nbd7 7. O-O c6 8. e4 e5 9. Bg5 h6 10. Bd2 a6 11. a4 b6 12. d5 c5 13. Ne1 Ne8 14. Nd3 a5 15. f4 exf4 16. Nxf4 Ne5 17. b3 Bg4 18. Qc2 Nc7 19. Rae1 Na6 20. Na2 Nb8 21. Nd3 Nxd3 22. Qxd3 Nd7 23. Nc1 Ne5 24. Qc2 Qc8 25. Nd3 Kh7 26. Nxe5 Bxe5 27. Bc3 Qe8 28. Re3 Ra7 29. h3 Bc8 30. Ref3 f5 31. Bxe5 Qxe5 32. g4 f4 33. Qc3 Qxc3 34. Rxc3 g5 35. Kf2 Re7 36. Kf3 Rfe8 37. Re1 Kg6 38. Bf1 Kf6 39. Rc2 Ke5 40. Rd1 Rh8 41. Rh2 Reh7 42. h4 h5 43. Bh3 hxg4+ 44. Bxg4 Bxg4+ 45. Kxg4 gxh4 46. Rh3 Rg7+ 47. Kf3 Rg3+ 48. Rxg3 hxg3 49. Rd2 Rh1 50. Rb2 Re1 0-1

[Event "Perth AUS Open"]
[Site "?"]
[Date "2023.01.05"]
[Round "6.40"]
[White "Sheridan, Wallace"]
[Black "Umasankar, Naveen Ramnat"]
[Result "0-1"]
[WhiteElo "1461"]
[BlackElo "1573"]
[PlyCount "86"]
[EventDate "2023.01.??"]
[EventRounds "11"]
[EventCountry "AUS"]
[SourceVersionDate "2023.01.02"]

1. d4 Nf6 2. Nf3 g6 3. Bg5 Bg7 4. Nbd2 d6 5. c3 O-O 6. e4 Nbd7 7. h3 e5 8. Bd3 Qe8 9. O-O h6 10. Bh4 Nh5 11. dxe5 dxe5 12. Bc4 Nc5 13. Nh2 b5 14. Be2 Nf4 15. Bf3 Ba6 16. b4 Na4 17. Qc2 Qc6 18. Rfc1 g5 19. Bg3 Rad8 20. Nb3 Nd3 21. Na5 Qg6 22. Rd1 Nf4 23. Ng4 h5 24. Ne3 Nb6 25. Nf5 Rde8 26. Rd2 g4 27. hxg4 hxg4 28. Bd1 Bc8 29. Ne3 Nh5 30. Bh4 Bh6 31. Be2 a6 32. Rad1 Bxe3 33. fxe3 Kg7 34. Rf1 Qh6 35. Qc1 Rh8 36. g3 Re6 37. Kg2 Nxg3 38. Bxg3 Qh3+ 39. Kf2 Rf6+ 40. Ke1 Qxg3+ 41. Kd1 Rxf1+ 42. Bxf1 Qf3+ 43. Be2 Rh1+ 0-1

[Event "Perth AUS Open"]
[Site "?"]
[Date "2023.01.05"]
[Round "6.41"]
[White "Arthur, Matthew"]
[Black "Cadag, Herbert"]
[Result "1-0"]
[WhiteElo "1605"]
[BlackElo "1557"]
[PlyCount "69"]
[EventDate "2023.01.??"]
[EventRounds "11"]
[EventCountry "AUS"]
[SourceVersionDate "2023.01.02"]

1. d4 Nf6 2. Bg5 Ne4 3. Bf4 g5 4. Bc1 g4 5. e3 d5 6. c4 Qd6 7. cxd5 Qf6 8. Qe2 e6 9. dxe6 Bd6 10. exf7+ Qxf7 11. Nc3 Nxc3 12. bxc3 O-O 13. e4 c5 14. dxc5 Be5 15. Bd2 b5 16. cxb6 axb6 17. f3 Ba6 18. Qe3 Bxf1 19. Kxf1 Bf4 20. Qd3 Bxd2 21. Qxd2 Ra5 22. h3 Qc4+ 23. Ke1 Nc6 24. hxg4 Ne5 25. Ne2 Nd3+ 26. Kf1 Nf4 27. g3 Nxe2 28. Kg2 Nxc3 29. Qh6 Qe2+ 30. Kg1 Rf7 31. Qxb6 Qxf3 32. Qb8+ Rf8 33. Qb3+ Kh8 34. Kh2 Qf2+ 35. Kh3 {time} 1-0

[Event "Perth AUS Open"]
[Site "?"]
[Date "2023.01.05"]
[Round "6.43"]
[White "Chen, Angus"]
[Black "Vujasin, Nikola"]
[Result "1-0"]
[WhiteElo "1394"]
[BlackElo "1539"]
[PlyCount "219"]
[EventDate "2023.01.??"]
[EventRounds "11"]
[EventCountry "AUS"]
[SourceVersionDate "2023.01.02"]

1. e4 c5 2. Nc3 Nc6 3. Bb5 g6 4. Bxc6 dxc6 5. Nf3 Bg7 6. h3 e5 7. O-O h6 8. d3 Qc7 9. Be3 b6 10. Nd2 g5 11. a4 a5 12. Ne2 Be6 13. c3 Rd8 14. Nc1 Nf6 15. f3 Nh5 16. Qc2 Qd7 17. Rf2 O-O 18. Nf1 Kh8 19. Rd2 f5 20. Ne2 g4 21. exf5 Bxf5 22. hxg4 Bxd3 23. Rxd3 Qxd3 24. Qxd3 Rxd3 25. gxh5 Rfd8 26. Kf2 Rd1 27. Rxd1 Rxd1 28. Nd2 b5 29. axb5 cxb5 30. Nb3 Rb1 31. Nxa5 Rxb2 32. Bxc5 Kg8 33. Nc6 Kf7 34. Nb4 Ke6 35. Ke3 Bf6 36. f4 exf4+ 37. Nxf4+ Kf5 38. Nbd5 Bg5 39. Kf3 Bxf4 40. Nxf4 Rb1 41. g3 Rf1+ 42. Ke2 Rc1 43. Bb4 Kg4 44. Kd2 Rh1 45. Bf8 Kxg3 46. Bxh6 Kg4 47. Ne2 Rh2 48. Kd3 Kxh5 49. Be3 Kg6 50. Nd4 Rh5 51. Kc2 Rh3 52. Bd2 Rh5 53. Kb3 Rh2 54. Bf4 Rh4 55. Bd6 Rh5 56. Kb4 Rd5 57. Bc5 Kf7 58. Kxb5 Rh5 59. c4 Rh1 60. Kb6 Rc1 61. Kb5 Rxc4 62. Kxc4 Kf6 63. Kd5 Kg5 64. Ke5 Kg4 65. Ke4 Kg3 66. Ke3 Kg2 67. Ke2 Kg3 68. Kf1 Kf4 69. Ba3 Ke4 70. Nb5 Kf3 71. Nd6 Kg3 72. Bc1 Kf3 73. Ke1 Kg2 74. Nf5 Kf3 75. Ne3 Kg3 76. Ke2 Kh2 77. Kf2 Kh3 78. Ba3 Kh2 79. Bb4 Kh3 80. Bd6 Kh4 81. Bf4 Kh3 82. Kf3 Kh4 83. Nd5 Kh3 84. Nc3 Kh4 85. Ne4 Kh3 86. Nf2+ Kh4 87. Be3 Kh5 88. Kf4 Kh4 89. Bd4 Kh5 90. Kf5 Kh4 91. Be5 Kh5 92. Bg3 Kh6 93. Kf6 Kh5 94. Kf5 Kh6 95. Ng4+ Kg7 96. Ne5 Kf8 97. Bh4 Ke8 98. Ke6 Kf8 99. Bf6 Ke8 100. Nc4 Kf8 101. Nd6 Kg8 102. Ne8 Kf8 103. Ng7 Kg8 104. Ke7 Kh7 105. Kf7 Kh6 106. Bh4 Kh7 107. Bg5 Kh8 108. Ne6 Kh7 109. Nf8+ Kh8 110. Bf6# 1-0